000 00508nam a2200205Ia 4500
003 OSt
005 20230608114003.0
008 210423s1997 xx 000 0 und d
040 _cAL
041 _aeng
082 _a650 AQUB
_223
100 _aAQUINAS (Paul G)
_9122538
245 _aBusiness and society
260 _bUnited Publishers
_c1997
300 _a201
_bPB
365 _b45
_cINR
650 _aManagement & Auxiliary Services 650
_9122539
906 _aBusiness ; society
942 _2ddc
_cBK
999 _c173980
_d173980